| 000 | 01590nam a2200265Ia 4500 | ||
|---|---|---|---|
| 003 | Ost | ||
| 005 | 20260507074839.0 | ||
| 008 | 260507s9999||||xx |||||||||||||| ||und|| | ||
| 020 | _a9789957225650 | ||
| 040 | _cfsecg | ||
| 041 | _aara | ||
| 082 | _a658.5 | ||
| 100 |
_aيحياوي، مفيدة _eمؤلف |
||
| 245 | 0 |
_aالمفاهيم الحديثة لإدارة الإنتاج والعمليات / _c مفيدة يحياوي |
|
| 260 |
_aعمان: _bدار أسامة للنشر والتوزيع; نبلاء ناشرون وموزعون , _c2014 |
||
| 300 |
_a328 صفحة؛ _bإيضاحات ؛ _c25 سم |
||
| 504 | _aببليوغرافيا: ص.317-328 | ||
| 520 | _aيضم مدخل إلى إداة الإنتاج والعمليات، التعقيد واللايقين في إدارة الإنتاج، الأداء وكيفيات تحسينه بالمؤسسات الصناعية والتنبؤ بالمبيعات، إدارة المخزون وتخطيط رقابة الإنتاج، النظام الأمريكي(MRP) والنظام الياباني(JIT) في إدارة الإنتاج ونظام تكنولوجيا الإنتاج الأمثل OPT، إدارة الجودة في المؤسسات الصناعية وتكنولوجيا المعلومات في إدارة الإنتاج. | ||
| 653 | _aإدارة الإنتاج | ||
| 653 | _aإدارة الإنتاج- التكنولوجيا | ||
| 653 | _aبحوث العمليات | ||
| 700 |
_aسطحاوي، عزيز _eمؤلف ثانوي |
||
| 700 |
_aيحياوي، إلهام _eمؤلف ثانوي |
||
| 942 | _cكتاب | ||
| 999 |
_c41511 _d41511 |
||